|
|
|
|
| LEADER |
00917cam a2200241 a 4500 |
| 001 |
0000145252 |
| 005 |
20180921090000.0 |
| 040 |
|
|
|a mod
|
| 041 |
|
|
|a eng
|
| 020 |
0 |
0 |
|a 9780143063056
|
| 020 |
0 |
0 |
|a 9781843545347
|
| 090 |
0 |
0 |
|a 355.0217095
|b LEV
|e 2007
|
| 100 |
1 |
0 |
|a Levy
|h Adrian
|
| 245 |
1 |
0 |
|a Deception
|b Pakistan, the United States and the global nuclear weapons conspiracy
|c Adrian Levy and Cathy Scott-Clark
|
| 260 |
0 |
0 |
|a London
|b Atlantic Books
|c 2007
|
| 300 |
0 |
0 |
|a xxii, 586 p., [8] p. of plates
|b ill. (chiefly col.), maps, col. ports.
|c 24 cm
|
| 504 |
0 |
0 |
|a Includes bibliographical references and index
|
| 650 |
0 |
0 |
|a Nuclear weapons
|z Pakistan
|
| 650 |
0 |
0 |
|a Arms race
|z Pakistan
|
| 651 |
0 |
0 |
|a Pakistan
|x Foreign relations
|z United States
|
| 700 |
1 |
1 |
|a Scott-Clark
|h Cathy
|
| 852 |
0 |
0 |
|a 01
|
| 999 |
|
|
|a B000027741
|b Bahagian Staf Perisikan Pertahanan
|d BOOKS
|e Umum
|f Bahagian Staf Perisikan Pertahanan -BSPP
|j AVAILABLE
|q GOOD CONDITION
|